| 000 | 00815nam a22002057a 4500 | ||
|---|---|---|---|
| 999 |
_c13626 _d13626 |
||
| 003 | AR-CdUCM | ||
| 008 | 190415b ||||| |||| 00| 0 spa d | ||
| 040 |
_aMUNICIPALIDAD PROVINCIAL DEL CUSCO _cBIBLIOTECA MUNICIPAL DEL CUSCO |
||
| 082 |
_a990.4 / _bE59 |
||
| 100 |
_aEncinas Martin, Alfredo _94113 |
||
| 245 |
_aOrganizaciones populares y cambio social : _bLa Convención y Lares 1944 - 1984 / |
||
| 260 |
_aCusco : _bCBC, _c1986. |
||
| 300 |
_a62 páginas ; _c21 cm. |
||
| 505 | _aContenido : Antecedentes historicos -- Sindicalismo y cambio social en la Convención y Lares -- Cooperativismo y cambio social en la micro-región de la Convención y Lares ... | ||
| 650 |
_aConvención _932107 |
||
| 650 |
_aLares _931561 |
||
| 650 |
_aSociología _9276 |
||
| 942 |
_2ddc _cLIBROS |
||
| 945 |
_arah _d15/04/2019 |
||